00697nam a22001937a 4500003001400000005001700014008004100031040001800072245009600090264006600186300002300252336001500275337001500290338001500305650003400320650004400354650004800398710005700446MOSTI LIBRARY20260204161735.0260204b |||||||| |||| 00| 0 eng d cMOSTI LIBRARY10aKAMUS PELAN TINDAKAN DASAR SAINS,TEKNOLOGI DAN INOVASI NEGARA (DSTIN) 2021-2030 (VERSI 2.0) aPutrajaya : bKementerian Sains,Teknologi dan Inovasi.c2024? a113pages ; b21cm 0rdacontent 2rdacarrier 0rdacarrier10a Science and state zMalaysia20aScience xGovernment policy zMalaysia 20aTechnology xGovernment policy zMalaysia  aMalaysia. bKementerian Sains, Teknologi dan Inovasi